[Event "BCF-chT 0001 (4NCL)"]
[Site "Birmingham"]
[Date "2001.01.28"]
[Round "6.8"]
[White "Bellin, Jana"]
[Black "Turvey Cross, Syringa"]
[Result "1-0"]
[WhiteElo "2187"]
[BlackElo "1520"]
[PlyCount "57"]
[EventDate "2000.09.??"]
[EventType "team"]
[EventRounds "11"]
[EventCountry "ENG"]
[SourceTitle "EXT 2002"]
[Source "ChessBase"]
[SourceDate "2001.11.25"]
[SourceVersion "1"]
[SourceVersionDate "2001.11.25"]
[SourceQuality "1"]
[WhiteTeam "IND II"]
[BlackTeam "PP"]
[WhiteTeamCountry "ENG"]
[BlackTeamCountry "ENG"]

1. d4 Nf6 2. c4 g6 3. Nc3 Bg7 4. e4 d6 5. f3 0-0 6. Be3 Nbd7 7. Qd2 e5 8. d5 a5 9. 0-0-0 Ne8 10. Nge2 Nb6 11. Ng3 c6 12. dxc6 Qc7 13. Qf2 Nxc4 14. Bxc4 Qxc6 15. Bb5 Qc7 16. Bb6 Qe7 17. Nd5 Qg5+ 18. Kb1 f5 19. h4 Qh6 20. Bxe8 Rxe8 21. Nc7 Be6 22. Nxa8 Rxa8 23. Rxd6 f4 24. Ne2 g5 25. Rhd1 Bf8 26. hxg5 Qg6 27. Rd8 Ra6 28. Bc5 Qf7 29. Rxf8+ 1-0

[Event "BCF-chT 0001 (4NCL)"]
[Site "Birmingham"]
[Date "2000.09.24"]
[Round "2.8"]
[White "Buckley, Melanie"]
[Black "Turvey Cross, Syringa"]
[Result "1-0"]
[WhiteElo "2124"]
[BlackElo "1520"]
[PlyCount "77"]
[EventDate "2000.09.??"]
[EventType "team"]
[EventRounds "11"]
[EventCountry "ENG"]
[SourceTitle "EXT 2002"]
[Source "ChessBase"]
[SourceDate "2001.11.25"]
[SourceVersion "1"]
[SourceVersionDate "2001.11.25"]
[SourceQuality "1"]
[WhiteTeam "RIC"]
[BlackTeam "PP"]
[WhiteTeamCountry "ENG"]
[BlackTeamCountry "ENG"]

1. e4 c5 2. Nc3 Nc6 3. g3 Nf6 4. Bg2 e6 5. f4 d6 6. Nf3 Rb8 7. 0-0 b5 8. d3 b4 9. Ne2 Qc7 10. h3 g6 11. Nh4 Bg7 12. f5 0-0 13. Bg5 Ne7 14. Qd2 Bb7 15. g4 e5 16. Bxf6 Bxf6 17. g5 Bh8 18. f6 Nc8 19. Ng3 Nb6 20. Qe2 d5 21. Rae1 d4 22. b3 a5 23. Nf3 a4 24. Nh2 axb3 25. axb3 Ra8 26. Ng4 h5 27. Nh6+ Kh7 28. Nxh5 Bc8 29. Ng3 Be6 30. Qf2 Nd7 31. Ne2 Qd8 32. Qh4 Nxf6 33. Nxf7+ Nh5 34. Nxd8 Raxd8 35. Bf3 Bf7 36. Bxh5 gxh5 37. Rxf7+ Rxf7 38. g6+ Kxg6 39. Qxd8 1-0

[Event "BCF-chT 0001 (4NCL)"]
[Site "Birmingham"]
[Date "2000.09.23"]
[Round "1.8"]
[White "Turvey Cross, Syringa"]
[Black "Arakhamia Grant, Ketevan"]
[Result "0-1"]
[WhiteElo "1520"]
[BlackElo "2405"]
[PlyCount "77"]
[EventDate "2000.09.??"]
[EventType "team"]
[EventRounds "11"]
[EventCountry "ENG"]
[SourceTitle "EXT 2002"]
[Source "ChessBase"]
[SourceDate "2001.11.25"]
[SourceVersion "1"]
[SourceVersionDate "2001.11.25"]
[SourceQuality "1"]
[WhiteTeam "PP"]
[BlackTeam "Wood Green"]
[WhiteTeamCountry "ENG"]
[BlackTeamCountry "ENG"]

1. Nf3 Nf6 2. g3 g6 3. Bg2 Bg7 4. d3 d5 5. Nbd2 Nc6 6. c3 0-0 7. 0-0 e5 8. e4 dxe4 9. dxe4 Qd3 10. Ne1 Qd6 11. Qe2 Bg4 12. f3 Be6 13. Nd3 Rad8 14. Nf2 Qc5 15. Nb3 Qc4 16. Qxc4 Bxc4 17. Rd1 b6 18. Bg5 a5 19. Nd2 Be6 20. Ng4 Bxg4 21. fxg4 h6 22. Bxf6 Bxf6 23. Nf3 Ne7 24. h4 Nc8 25. g5 hxg5 26. Nxg5 Nd6 27. Nf3 Nxe4 28. Kh2 Nc5 29. b4 Na4 30. Rxd8 Rxd8 31. Rc1 e4 32. Ng5 Bxg5 33. hxg5 Rd2 34. Kh3 e3 35. Bc6 Nb2 36. Re1 Rd3 37. bxa5 bxa5 38. a4 Rxc3 39. Bb5 0-1

[Event "BCF-chT2 9798 (4NCL)"]
[Site "England"]
[Date "1998.03.22"]
[Round "8.6"]
[White "Sands, David A"]
[Black "Turvey Cross, Syringa"]
[Result "1-0"]
[WhiteElo "2255"]
[BlackElo "1552"]
[PlyCount "66"]
[EventDate "1997.11.??"]
[EventType "team"]
[EventRounds "11"]
[EventCountry "ENG"]
[SourceTitle "EXT 1999"]
[Source "ChessBase"]
[SourceDate "1998.11.16"]
[SourceVersion "1"]
[SourceVersionDate "1998.11.16"]
[SourceQuality "1"]
[WhiteTeam "Barbican II"]
[BlackTeam "Coulsdon"]
[WhiteTeamCountry "ENG"]
[BlackTeamCountry "ENG"]

1. d4 Nf6 2. c4 c5 3. d5 b5 4. cxb5 a6 5. f3 axb5 6. e4 Qa5+ 7. Bd2 b4 8. Na3 d6 9. Nc4 Qc7 10. a3 Qb7 11. axb4 Rxa1 12. Qxa1 cxb4 13. Qa4+ Bd7 14. Qxb4 Qxb4 15. Bxb4 Ba4 16. Nb6 Bb3 17. Bb5+ Nfd7 18. Ne2 e6 19. Nd4 Ba2 20. 0-0 g6 21. Nxd7 Nxd7 22. Ra1 Bg7 23. Nc6 0-0 24. Rxa2 Nb8 25. Bxd6 Nxc6 26. dxc6 Rd8 27. c7 Bd4+ 28. Kf1 Rxd6 29. c8Q+ Kg7 30. Qc7 Be5 31. Qxd6 Bxd6 32. g3 h5 33. Bd3 f5 1-0

[Event "BCF-chT 9697 (4NCL)"]
[Site "England"]
[Date "1997.02.22"]
[Round "7.8"]
[White "Houska, Ivana"]
[Black "Turvey Cross, Syringa"]
[Result "0-1"]
[WhiteElo "1408"]
[BlackElo "1624"]
[PlyCount "114"]
[EventDate "1996.10.??"]
[EventType "team"]
[EventRounds "12"]
[EventCountry "ENG"]
[SourceTitle "EXT 1999"]
[Source "ChessBase"]
[SourceDate "1998.11.16"]
[SourceVersion "1"]
[SourceVersionDate "1998.11.16"]
[SourceQuality "1"]
[WhiteTeam "Witney"]
[BlackTeam "Croydon"]
[WhiteTeamCountry "ENG"]
[BlackTeamCountry "ENG"]

1. e4 c5 2. Nf3 d6 3. d4 cxd4 4. Nxd4 Nf6 5. Nc3 a6 6. Bd3 e6 7. 0-0 Nc6 8. Nf3 Qc7 9. Bg5 Be7 10. Qd2 b5 11. a3 Bb7 12. Rfe1 Rd8 13. Rad1 h6 14. Bh4 g5 15. Bg3 g4 16. Nh4 Ne5 17. Bxe5 dxe5 18. g3 h5 19. Qe2 Nh7 20. Ng2 Ng5 21. Rf1 Nf3+ 22. Kh1 h4 23. Ne1 hxg3 24. Nxf3 gxf3 25. Qxf3 gxh2 26. Ne2 f5 27. Ng3 f4 28. Nh5 Bg5 29. Qg4 Qf7 30. Qxg5 Qxh5 31. Bxb5+ Kf7 32. Qxh5+ Rxh5 33. Bd3 f3 34. Rde1 Rg8 35. Re3 Rh3 36. c3 Ke7 37. Bc2 Bc6 38. c4 Rd8 39. b3 Rd2 40. Bd1 a5 41. a4 Kd6 42. Ree1 Kc5 43. Re3 Kd4 44. b4 axb4 45. a5 Bxe4 46. Ba4 Bd3 47. Ra1 Bxc4 48. Bc6 Rxf2 49. Ree1 Ba6 50. Rad1+ Kc5 51. Bd7 Re2 52. Rc1+ Kd4 53. Red1+ Ke3 54. Bxe6 Rh6 55. Bg4 Ra2 56. Re1+ Kf4 57. Bd7 f2 0-1

[Event "BCF-chT 9697 (4NCL)"]
[Site "England"]
[Date "1997.??.??"]
[Round "9.8"]
[White "Badger, Josephine"]
[Black "Turvey Cross, Syringa"]
[Result "0-1"]
[WhiteElo "1744"]
[BlackElo "1624"]
[PlyCount "122"]
[EventDate "1996.10.??"]
[EventType "team"]
[EventRounds "12"]
[EventCountry "ENG"]
[SourceTitle "EXT 1999"]
[Source "ChessBase"]
[SourceDate "1998.11.16"]
[SourceVersion "1"]
[SourceVersionDate "1998.11.16"]
[SourceQuality "1"]
[WhiteTeam "Hertford"]
[BlackTeam "Croydon"]
[WhiteTeamCountry "ENG"]
[BlackTeamCountry "ENG"]

1. e4 c5 2. Nc3 Nc6 3. f4 e6 4. Bc4 Nge7 5. d3 g6 6. Nf3 Bg7 7. 0-0 0-0 8. Qe1 d5 9. Bb3 a6 10. a4 Nd4 11. Nxd4 cxd4 12. Ne2 dxe4 13. dxe4 Bd7 14. Qf2 Bc6 15. Ng3 d3 16. cxd3 Qxd3 17. Bc2 Qc4 18. Qe2 Qxe2 19. Nxe2 Rfd8 20. Rb1 b5 21. b3 Rac8 22. Be3 Bb7 23. Bd1 Bxe4 24. Rc1 Rxc1 25. Bxc1 Nd5 26. Ng3 Bd3 27. Be2 Nc3 28. Bxd3 Rxd3 29. axb5 Nxb5 30. Re1 Rxb3 31. Rd1 Nd4 32. Kf1 a5 33. Ne2 Nxe2 34. Kxe2 Rb8 35. Bd2 Ra8 36. Rc1 a4 37. Rc2 Kf8 38. Bb4+ Ke8 39. Rc7 Bf6 40. Ba3 Bd8 41. Rb7 h5 42. Kf3 Rc8 43. Ke4 Rc7 44. Rb4 Ra7 45. Rd4 Be7 46. Rd3 Bxa3 47. Rxa3 Kd7 48. Kd4 Kd6 49. g3 f6 50. h3 e5+ 51. Ke4 Ra6 52. g4 hxg4 53. hxg4 exf4 54. Kxf4 Kc5 55. Ke4 Kb4 56. Ra1 a3 57. Kd3 Rd6+ 58. Kc2 Rc6+ 59. Kd2 Rc3 60. Ra2 Rg3 61. Ra1 Rxg4 0-1